Residential segregation and unemployment: the case of Brussels (Record no. 77689)

000 -LEADER
fixed length control field 00540pab a2200205 454500
008 - FIXED-LENGTH DATA ELEMENTS--GENERAL INFORMATION
fixed length control field 180718b2008 xxu||||| |||| 00| 0 eng d
100 ## - MAIN ENTRY--PERSONAL NAME
Personal name Dujardin, Claire
245 ## - TITLE STATEMENT
Title Residential segregation and unemployment: the case of Brussels
260 ## - PUBLICATION, DISTRIBUTION, ETC.
Date of publication, distribution, etc. 2008
300 ## - PHYSICAL DESCRIPTION
Extent p.89-113.
362 ## - DATES OF PUBLICATION AND/OR SEQUENTIAL DESIGNATION
Dates of publication and/or sequential designation Jan
650 ## - SUBJECT ADDED ENTRY--TOPICAL TERM
Topical term or geographic name entry element Unemployment - Brussels
650 ## - SUBJECT ADDED ENTRY--TOPICAL TERM
Topical term or geographic name entry element Racial segregation - Brussels
650 ## - SUBJECT ADDED ENTRY--TOPICAL TERM
Topical term or geographic name entry element Racial segregation
700 ## - ADDED ENTRY--PERSONAL NAME
Personal name Thomas, Isabelle
700 ## - ADDED ENTRY--PERSONAL NAME
Personal name Selod, Harris
773 ## - HOST ITEM ENTRY
Main entry heading Urban Studies
908 ## - PUT COMMAND PARAMETER (RLIN)
Put command parameter N
909 ## -
-- 77689
Holdings
Withdrawn status Lost status Damaged status Not for loan Permanent Location Current Location Date acquired Serial Enumeration / chronology Barcode Date last seen Price effective from Koha item type
        Indian Institute of Public Administration Indian Institute of Public Administration 2018-07-19 Volume no: 45, Issue no: 1 AR78149 2018-07-19 2018-07-19 Articles

Powered by Koha